Cartoon Skeletons Quiz Stats

 Plays Quiz Updated Nov 22, 2019

Score 0/18 Timer 05:00
0 Plays Today
Cartoon Character % Correct
Betty Boop
89%
Tweety Bird
87.6%
Snoopy
63.7%
Charlie Brown
61.8%
Marvin Martian
35.3%
Fred Flintstone
24.8%
Pikachu
21.6%
Linus van Pelt
19.1%
Lucy van Pelt
15.8%
Cartoon Character % Correct
Barney Rubble
14.6%
Bubbles
7.8%
Peppermint Patty
6.9%
Pigpen
4.5%
Baby Huey
3.3%
Dexter
3%
Hello Kitty
2.7%
Egghead Jr.
1.8%
Shmoo
1.3%

You're not logged in!

Compare scores with friends on all Sporcle quizzes.
OR
Log In

Sporcle TV

Today on Sporcle TV


Watch our educational content, quiz creation guides, and fun videos on Sporcle TV.

Show Comments

Extras

Top Quizzes Today


Score Distribution

Your Account Isn't Verified!

In order to create a playlist on Sporcle, you need to verify the email address you used during registration. Go to your Sporcle Settings to finish the process.

Report this User

Report this user for behavior that violates our Community Guidelines.

Details: